| 000 | 02186cam a22005294i 4500 | ||
|---|---|---|---|
| 003 | PE-LiUPU | ||
| 005 | 20250731184603.0 | ||
| 008 | 150616s1970 pe a rb 000 0 spa d | ||
| 035 | _a(Sirsi) a5405 | ||
| 040 |
_aPE-LiUPU _bspa _cPE-LiUPU _erda |
||
| 049 | _aPRUA | ||
| 082 | 0 | 4 |
_a985.01 _bK26V _221 |
| 100 | 1 |
_aKauffmann Doig, Federico, _d1928-, _eautor. |
|
| 245 | 1 | 0 |
_aArqueología peruana : _bvisión integral / _cFederico Kauffmann Doig. |
| 264 | 1 |
_aLima : _b[Iberia], _c1970. |
|
| 300 |
_a636 páginas : _bilustraciones dibjs., mapas, fotos, grabados ; _c22 centímetros |
||
| 336 |
_atext _2rdacontent |
||
| 337 |
_aunmediated _2rdamedia |
||
| 338 |
_avolume _2rdacarrier |
||
| 500 | _a"Esta publicación corresponde a una tirada aparte .. del tomo primero de la Historia general de los peruanos".. ". | ||
| 500 | _a"Iconografía de los Incas (alrededor de 1.200 D.C. a 1533)": páginas [591-617]. | ||
| 500 | _a"Publicaciones del autor": páginas [637-638]. | ||
| 504 | _aIncluye bibliografía. | ||
| 505 | 0 | _aConceptos preliminares -- Los primeros peruanos -- La antesala de la alta cultura -- Expresiones tardías del formativo -- El gran florecimiento cultural -- El nuevo orden -- Resurgimiento regional -- La gran expansión militarista -- Iconografía de los incas. | |
| 526 | _aP136 | ||
| 526 | _aP135 | ||
| 526 | _aP134 | ||
| 526 | _aP133 | ||
| 526 | _aP144 | ||
| 526 | _aP143 | ||
| 526 | _aP87 | ||
| 526 | _aP35 | ||
| 526 | _aP20 | ||
| 526 | _aP14 | ||
| 526 | _aP10 | ||
| 526 | _aP06 | ||
| 650 | 1 | 8 |
_aArqueología _zPerú _xHistoria. |
| 651 | 8 |
_aPerú _xHistoria _yEpoca Prehispánica - Incas |
|
| 651 | 8 |
_aPerú _xCivilización. |
|
| 910 |
_ajck _bjvq _cjck |
||
| 942 |
_2ddc _cBOOK |
||
| 949 |
_a985.01 K26V _wDEWEY _c1 _i13309 _lCCODEBUL1 _mBUL _p25.00 _r0 _sY _tBOOK _u19750514 _xEDUCACION _PP20 _0COMPRA _o.STAFF. Colección General |
||
| 994 |
_aC0 _bPEPRU |
||
| 596 | _a1 | ||
| 999 |
_a985.01 K26V _wDEWEY _c56430 _i13309 _d56430 _e2017-5-26 _f2021-11-8 _g5 _lCCODEBUL1 _mBUL _n4 _p25.00 _r0 _sY _tBOOK _u2015-6-16 _xBIBLIOTECA _PP20 _0COMPRA _o.STAFF. Colección General |
||
| 980 |
_81 _gALBERTO SANCHEZ Responsable de Automatización |
||